00722 2200253 4500001002100000005001700021008004100038035002500079040001200104082001100116090001800127100001800145245010200163250001000265260002600275300003800301650002000339700002500359850001200384990001800396990001800414990001800432990001800450YOGYA-0209000007233320150710092321.0 ind  a0010-020900000072333 aYOPDYOG a628.54 a628.54bHam P aHAMID, Hamrat aPengawasan industri dalam pengendalian pencemaran lingkunganc/ Hamrat Hamid, Bambang Pramudyanto aEd. 1 aJakartabGranitc2007 axvii, 268 hlm. :bilus. ;c21 cm. aLimbah industri aPRAMUDYANTO, Bambang aYOPDYOG a33713-PD/A.08 a33714-PD/A.08 a33715-PD/A.08 a33716-PD/A.08